[Event "FRA-ch blind 30th"]
[Site "Arras"]
[Date "2014.05.30"]
[Round "2"]
[White "Vervoort, Jean Louis"]
[Black "Alabart, Jeremie"]
[Result "1-0"]
[WhiteElo "1260"]
[BlackElo "1419"]
[PlyCount "66"]
[EventDate "2014.05.30"]
[EventType "swiss"]
[EventRounds "7"]
[EventCountry "FRA"]
[SourceTitle "EXT 2015"]
[Source "ChessBase"]
[SourceDate "2014.11.20"]
[SourceVersion "1"]
[SourceVersionDate "2014.11.20"]
[SourceQuality "1"]

1. d4 d5 2. c4 c6 3. Nc3 Nf6 4. Bg5 e6 5. Nf3 Be7 6. e3 0-0 7. Bd3 Nbd7 8. 0-0 Re8 9. Rc1 Qb6 10. Rc2 Qd8 11. a3 b6 12. cxd5 exd5 13. Qb1 Bb7 14. Rfc1 c5 15. Na4 Bc6 16. b3 c4 17. Bf5 Bxa4 18. bxa4 Bxa3 19. Re1 Be7 20. Rce2 h6 21. Bxf6 Nxf6 22. h3 Rb8 23. e4 a6 24. e5 Nh5 25. e6 Rf8 26. Bh7+ Kh8 27. exf7 Bd6 28. Re8 Qc7 29. R8e6 b5 30. Qf5 Qd8 31. g4 Nf4 32. h4 g5 33. hxg5 hxg5 1-0